Mapa mundial sin 12 países - Estadísticas

Estadísticas generales
  • Esta prueba ha sido intentada 12.837 veces
  • La puntuación promedio es 9 de 12
Respuestas en el mapa
Las respuestas están codificadas por una escala verde-roja en el mapa de la prueba según el % correcto abajo.
 
Estadísticas de respuestas
País % Correcto
Turquía
92%
Japón
91%
Chile
90%
Noruega
87%
Corea del Sur
83%
Dinamarca
82%
Nueva Zelanda
82%
Madagascar
77%
Sri Lanka
74%
Bangladés
67%
Somalia
60%
Chipre
48%
No se encontraron pruebas coincidentes
Distribución de puntuación
Porcentaje de gente con cada puntuación
Porcentaje por número respondido
Historial de tus puntuaciones
No has intentado esta prueba.